| 000 | 00486nam a2200181Ia 4500 | ||
|---|---|---|---|
| 003 | OSt | ||
| 005 | 20260218112526.0 | ||
| 020 | _a0-697-09703-X | ||
| 040 | _cLC | ||
| 050 | _aQP 34.5 .H 65 1992 | ||
| 100 | _aHOLE,JOHN W. | ||
| 245 | 0 | _aESSENTIALS OF HUMAN ANATOMY AND PHYSIOLOGY | |
| 250 | _a4 | ||
| 260 |
_aKERPER BOULEVARD, DUBUQUE, _bWM.C.BROWN PUBLISHERS, _c1992, |
||
| 300 | _aXXii, 560 P, ILL | ||
| 500 | _aINCLUDES BIBLIOGRAPHICAL REFERENCES AND INDEX | ||
| 942 |
_cBK _2lcc |
||
| 999 |
_c193232 _d193232 |
||